Nerd Game Quiz Stats

 Plays Quiz not verified by Sporcle

Score 0/10 Timer 10:00
0 Plays Today
Hint Answer % Correct
Who founded Microsoft?Bill Gates
100%
What is the area in California that most of the worlds tech giants are based?Silicon Valley
60%
Who founded Apple?Steve Jobs and Steve Wozniak
30%
What was the worlds first personal computer?Altair 8800
6.7%
What was the first computer that Apple mass produced?Apple II
6.7%
Who founded MITSEd Roberts
3.3%
What was the program called that Bill Gates wrote?BASIC
3.3%
What was the dress code at IBM?Suit and Tie
3.3%
Who founded Oracle?Larry Ellison
3.3%
Who Invented VisiCalc?Dan Bricklin
0%

You're not logged in!

Compare scores with friends on all Sporcle quizzes.
OR
Log In

Show Comments

Extras

Created Mar 4, 2014ReportNominate
Tags:nerd

Top Quizzes Today


Score Distribution

Your Account Isn't Verified!

In order to create a playlist on Sporcle, you need to verify the email address you used during registration. Go to your Sporcle Settings to finish the process.

Report this User

Report this user for behavior that violates our Community Guidelines.

Details: